Gente de carne y hueso

Kaydedildi:
Detaylı Bibliyografya
Yazar: Alcalde, Alfonso (Yazar)
Materyal Türü: Kitap
Dil:İspanyolca
Baskı/Yayın Bilgisi: Santiago Biografías 1971
Edisyon:1a. ed
Seri Bilgileri:Colección Valores Literarios
Konular:
Etiketler: Etiketle
Etiket eklenmemiş, İlk siz ekleyin!

MARC

LEADER 00000nam a2200000 a 4500
001 UCQ6425
003 CL-VaPUC
008 981016e19710000CL |||||||||||||||||spa|d
082 0 4 |a 809  |b ALC  |2 21 
100 0 |a Alcalde, Alfonso  |e author  |9 420309 
245 1 0 |a Gente de carne y hueso 
250 |a 1a. ed 
300 |a 176 p 
942 |c BK 
945 |d 19981016 00:00:00  |a crobeson 
260 |a Santiago  |b Biografías  |c 1971 
650 0 |a Biografías  |9 255210 
583 |a last modification  |c 20121220 08:34:35  |k Rodrigo Vera 
490 0 |a Colección Valores Literarios 
999 |c 276384  |d 276382 
952 |0 0  |1 0  |4 0  |6 809_000000000000000_ALC_1971  |7 0  |8 A  |9 313587  |a FDOPOS  |b FDOPOS  |d 2019-11-20  |i 4177711  |o 809 ALC 1971  |p 4177711  |r 2025-01-22  |w 2019-11-20  |y BK  |k MLH